Hyperlinks : (Record no. 26261)
[ view plain ]
| 000 -LEADER | |
|---|---|
| fixed length control field | 01595cam a2200373 a 4500 |
| 001 - CONTROL NUMBER | |
| control field | 16724100 |
| 005 - DATE AND TIME OF LATEST TRANSACTION | |
| control field | 20170203144413.0 |
| 008 - FIXED-LENGTH DATA ELEMENTS--GENERAL INFORMATION | |
| fixed length control field | 110406s2011 ilua 000 0 eng d |
| 010 ## - LIBRARY OF CONGRESS CONTROL NUMBER | |
| LC control number | 2011377073 |
| 015 ## - NATIONAL BIBLIOGRAPHY NUMBER | |
| National bibliography number | GBB098296 |
| Source | bnb |
| 020 ## - INTERNATIONAL STANDARD BOOK NUMBER | |
| International Standard Book Number | 9780300167054 (pbk.) |
| 020 ## - INTERNATIONAL STANDARD BOOK NUMBER | |
| International Standard Book Number | 0300167059 (pbk.) |
| 035 ## - SYSTEM CONTROL NUMBER | |
| System control number | (OCoLC)ocn685072528 |
| 042 ## - AUTHENTICATION CODE | |
| Authentication code | lccopycat |
| 050 00 - LIBRARY OF CONGRESS CALL NUMBER | |
| Classification number | NA680 .R94 2011 |
| 100 1# - MAIN ENTRY--PERSONAL NAME | |
| Personal name | Ryan, Zoë. |
| 245 10 - TITLE STATEMENT | |
| Title | Hyperlinks : |
| Remainder of title | architecture and design / |
| Statement of responsibility, etc. | Zoë Ryan and Joseph Rosa. |
| 246 30 - VARYING FORM OF TITLE | |
| Title proper/short title | Architecture and design |
| 250 ## - EDITION STATEMENT | |
| Edition statement | 1st ed. |
| 260 ## - PUBLICATION, DISTRIBUTION, ETC. (IMPRINT) | |
| Place of publication, distribution, etc. | Chicago, Ill. : |
| Name of publisher, distributor, etc. | Art Institute of Chicago ; |
| Place of publication, distribution, etc. | New Haven, Conn. : |
| Name of publisher, distributor, etc. | Yale University Press, |
| Date of publication, distribution, etc. | 2011. |
| 300 ## - PHYSICAL DESCRIPTION | |
| Extent | 1 v. (unpaged) : |
| Other physical details | ill. (chiefly col.) ; |
| Dimensions | 24 cm. |
| 500 ## - GENERAL NOTE | |
| General note | Published in conjunction with an exhibition of the same title organized by and presented at the Art Institute of Chicago, Dec. 11, 2010-July 20, 2011. |
| 650 #0 - SUBJECT ADDED ENTRY--TOPICAL TERM | |
| Topical term or geographic name as entry element | Architecture, Modern |
| Chronological subdivision | 20th century |
| General subdivision | Themes, motives. |
| 650 #0 - SUBJECT ADDED ENTRY--TOPICAL TERM | |
| Topical term or geographic name as entry element | Architecture, Modern |
| Chronological subdivision | 21st century |
| General subdivision | Themes, motives. |
| 650 #0 - SUBJECT ADDED ENTRY--TOPICAL TERM | |
| Topical term or geographic name as entry element | Design |
| General subdivision | History |
| Chronological subdivision | 20th century |
| General subdivision | Themes, motives. |
| 650 #0 - SUBJECT ADDED ENTRY--TOPICAL TERM | |
| Topical term or geographic name as entry element | Design |
| General subdivision | History |
| Chronological subdivision | 21st century |
| General subdivision | Themes, motives. |
| 700 1# - ADDED ENTRY--PERSONAL NAME | |
| Personal name | Rosa, Joseph. |
| 710 2# - ADDED ENTRY--CORPORATE NAME | |
| Corporate name or jurisdiction name as entry element | Art Institute of Chicago. |
| 942 ## - ADDED ENTRY ELEMENTS (KOHA) | |
| Source of classification or shelving scheme | |
| Koha item type | Hard Covered Materials |
No items available.